Southville International School and Colleges
Your cart is empty.
  • Cart
  • Lists
    Public lists Eva Luna New books Lux_list list_1
    Your lists Log in to create your own lists
  • Log in to your account
  • Your cookies
  • Search history
Southville International School and Colleges
  • Advanced search
  • Recent comments
  • Most popular
  • Libraries

Log in to your account

Log in with GOOGLE


If you do not have an external account, but do have a local account, you can still log in:

  1. Home
  2. MARC view: Huwaran/hulmahan atbp. :
Normal view MARC view ISBD view

Huwaran/hulmahan atbp. : (Record no. 15653)

[ view plain ]
MARC details
000 -LEADER
fixed length control field 01299cam a22003495a 4500
001 - CONTROL NUMBER
control field 15925370
003 - CONTROL NUMBER IDENTIFIER
control field OSt
005 - DATE AND TIME OF LATEST TRANSACTION
control field 20140310182746.0
008 - FIXED-LENGTH DATA ELEMENTS--GENERAL INFORMATION
fixed length control field 090929s2009 ph a b f001 0 eng
010 ## - LIBRARY OF CONGRESS CONTROL NUMBER
LC control number 2009316914
020 ## - INTERNATIONAL STANDARD BOOK NUMBER
International Standard Book Number 9789715426091
040 ## - CATALOGING SOURCE
Original cataloging agency DLC
Transcribing agency DLC
Modifying agency DLC
042 ## - AUTHENTICATION CODE
Authentication code lcode
043 ## - GEOGRAPHIC AREA CODE
Geographic area code a-ph---
050 ## - LIBRARY OF CONGRESS CALL NUMBER
Classification number PN 1995
Item number .H89 2009
245 00 - TITLE STATEMENT
Title Huwaran/hulmahan atbp. :
Remainder of title the film writings of Johven Velasco /
Statement of responsibility, etc Joel David, editor.
246 30 - VARYING FORM OF TITLE
Title proper/short title Film writings of Johven Velasco
260 ## - PUBLICATION, DISTRIBUTION, ETC. (IMPRINT)
Place of publication, distribution, etc Diliman, Quezon City :
Name of publisher, distributor, etc University of the Philippines Press,
Date of publication, distribution, etc 2009.
300 ## - PHYSICAL DESCRIPTION
Extent xviii, 249 p. :
Other physical details ill. ;
Dimensions 24 cm.
504 ## - BIBLIOGRAPHY, ETC. NOTE
Bibliography, etc Includes bibliographical references (p. 206-236) and index.
520 ## - SUMMARY, ETC.
Summary, etc A compilation of film articles by Johven Velasco and his contribution as a film director, educator and writer in the film industry in the Philippines .
521 ## - TARGET AUDIENCE NOTE
Target audience note
650 ## - SUBJECT ADDED ENTRY--TOPICAL TERM
Topical term or geographic name as entry element Velasco, Johven
Form subdivision Criticism and interpretation
650 ## - SUBJECT ADDED ENTRY--TOPICAL TERM
Topical term or geographic name as entry element Film criticism
Form subdivision Philippines
650 ## - SUBJECT ADDED ENTRY--TOPICAL TERM
Topical term or geographic name as entry element Motion picture actors and actresses
General subdivision Philippines.
650 ## - SUBJECT ADDED ENTRY--TOPICAL TERM
Topical term or geographic name as entry element Motion pictures
Form subdivision Evaluation.
General subdivision Philippines
700 1# - ADDED ENTRY--PERSONAL NAME
Personal name David, Joel.
906 ## - LOCAL DATA ELEMENT F, LDF (RLIN)
a 7
b ibc
c origode
d 3
e ncip
f 20
g y-gencatlg
942 ## - ADDED ENTRY ELEMENTS (KOHA)
Source of classification or shelving scheme Dewey Decimal Classification
Koha item type Books
Call number prefix Local
Holdings
Withdrawn status Lost status Source of classification or shelving scheme Damaged status Home library Current library Shelving location Date acquired Cost, normal purchase price Total Checkouts Full call number Barcode Date last seen Copy number Price effective from Koha item type
    Library of Congress Classification   College Library College Library General Circulation Section 11/14/2013 350.00   PN 1995 .H89 2009 C14845 05/15/2018 1 10/18/2013 Books

Huwaran/hulmahan atbp. :

APA

David J., . (2009). Huwaran/hulmahan atbp. Diliman, Quezon City: University of the Philippines Press.

Chicago

David Joel, . 2009. Huwaran/hulmahan atbp. Diliman, Quezon City: University of the Philippines Press.

Harvard

David J., . (2009). Huwaran/hulmahan atbp. Diliman, Quezon City: University of the Philippines Press.

MLA

David Joel, . Huwaran/hulmahan atbp. Diliman, Quezon City: University of the Philippines Press. 2009.

  • Place hold
  • Print
  • Cite
  • Add to your cart (remove)
  • Save record
    BIBTEX Dublin Core MARCXML MARC (non-Unicode/MARC-8) MARC (Unicode/UTF-8) MARC (Unicode/UTF-8, Standard) MODS (XML) RIS
  • More searches
    Search for this title in:
    Other Libraries (WorldCat) Other Databases (Google Scholar) Online Stores (Bookfinder.com) Open Library (openlibrary.org)

Exporting to Dublin Core...

SOUTHVILLE LIBRARY

Southville International School and Colleges Library

1281 Tropical Ave. Cor. Luxembourg St., BF Homes International, Las Pinas City

Tel. No. 8256374 / 252358 Loc. 117/146

Powered by Koha